Współczesne państwa Imperium Osmańskiego na mapie - Statystyki

Ogólne statystyki
  • Ten quiz został rozwiązany 15 529 razy
  • Średni wynik to 28 z 31
Odpowiedzi na mapie
Odpowiedzi zakodowano w zielono-czerwonej skali na mapie do tego quizu, zgodnie z poniższymi procentami.
 
Statystyki odpowiedzi
Państwo % Poprawnych
Turcja
99%
Grecja
98%
Rumunia
98%
Bułgaria
97%
Chorwacja
97%
Egipt
97%
Serbia
97%
Ukraina
97%
Albania
96%
Bośnia i Hercegowina
96%
Kosowo
96%
Mołdawia
96%
Słowacja
96%
Węgry
96%
Macedonia Północna
95%
Cypr
94%
Czarnogóra
94%
Irak
94%
Izrael
94%
Rosja
94%
Arabia Saudyjska
93%
Algieria
92%
Tunezja
91%
Gruzja
89%
Libia
89%
Syria
89%
Jordania
83%
Liban
83%
Kuwejt
71%
Sudan
63%
Erytrea
58%
Nie znaleziono quizów pasujących do podanych kryteriów
Rozkład punktacji
Procent ludzi z każdym wynikiem
Percentyl według liczby udzielonych odpowiedzi
Twoja historia wyników
Nie rozwiązałeś tego quizu